| 000 | 00607nam a22002297a 4500 | ||
|---|---|---|---|
| 999 |
_c6262 _d6262 |
||
| 003 | OSt | ||
| 005 | 20191122145841.0 | ||
| 008 | 160509b xxu||||| |||| 00| 0 eng d | ||
| 020 | _a9780716724155 | ||
| 020 | _a9780716724154 | ||
| 040 | _cDDC. | ||
| 082 | _a598 GIL1995. | ||
| 100 |
_aGill,B.Frank; _98557 |
||
| 245 | _aOrnithology. | ||
| 250 | _a2nd ed. | ||
| 260 |
_aNew York. _bW.H Freeman and Company. _c1995. |
||
| 300 |
_axxvii,766p; _bill; _c26cm. |
||
| 504 | _aincludes Appendix,Bibliography and index. | ||
| 650 |
_aBiology Ornithology _98558 |
||
| 650 |
_aBirds _95482 |
||
| 942 |
_2ddc _cO_SHELF |
||